000 00202 a2200097 4500
001 49477
100 _aBlodgett
245 _aReadings for our time
260 _aBoston
_bGinn
_c
090 _c32008
_d32008
942 _aNUST-CAE
_cM
_c24457
999 _c284550
_d284550